|
|
|
|
| LEADER |
01029nam a2200337 4500 |
| 001 |
DLU140165016 |
| 005 |
##20141030 |
| 020 |
# |
# |
|a 9786045003848
|
| 040 |
# |
# |
|a DLU
|b vie
|
| 041 |
# |
# |
|a vie
|
| 044 |
# |
# |
|a vn
|
| 082 |
# |
# |
|a 305.895 922
|b QU-M
|
| 100 |
# |
# |
|a Quán Vi Miên.
|
| 245 |
# |
# |
|a Văn hoá dân gian dân tộc Thổ /
|c Quán Vi Miên.
|
| 260 |
# |
# |
|a H. :
|b Văn hoá-Thông tin,
|c 2013.
|
| 300 |
# |
# |
|a 282 tr. ;
|c 21 cm.
|
| 504 |
# |
# |
|a Tài liệu tham khảo: tr.275.
|
| 505 |
# |
# |
|a Chương 1. Giới thiệu chung -- Chương 2. Văn hoá vật chất -- Chương 3. Văn hoá tinh thần.
|
| 650 |
# |
# |
|a Thổ (Dân tộc Đông Nam Á)
|z Việt Nam
|x Đời sống xã hội và tập quán.
|
| 650 |
# |
# |
|a Thổ (Dân tộc Đông Nam Á)
|z Việt Nam
|x Văn hoá dân gian.
|
| 923 |
# |
# |
|a 04/2014
|
| 991 |
# |
# |
|a SH
|
| 992 |
# |
# |
|a 11300
|
| 994 |
# |
# |
|a DLU
|
| 900 |
# |
# |
|a True
|
| 911 |
# |
# |
|a Đào Thị Thu Huyền
|
| 925 |
# |
# |
|a G
|
| 926 |
# |
# |
|a A
|
| 927 |
# |
# |
|a SH
|
| 980 |
# |
# |
|a Thư viện Trường Đại học Đà Lạt
|